| 000 | 00918nas a2200289 4500 | ||
|---|---|---|---|
| 001 | BR2022000393 | ||
| 003 | BR-BrBNA | ||
| 005 | 20231205132241.0 | ||
| 007 | ta | ||
| 008 | 230509b bl.|||p| |||| 00| 00por d | ||
| 040 |
_aBR-BrBNA _bpor _cBiblioteca Nacional de Agricultura |
||
| 041 | _a(Pt) | ||
| 072 | _aF04 | ||
| 100 | 1 | _aHryczyna, A.B. | |
| 100 | 1 | _aSilva, T.R.B. da | |
| 100 | 1 | _aAmbrosano, L. | |
| 100 | 1 | _aZampronio, G.K. | |
| 245 | 1 | _aAdubação foliar de boro em dois híbridos de canola | |
| 650 | _aÁCIDO BÓRICO | ||
| 650 | _aBRASSICA NAPUS | ||
| 650 | _aCOLZA | ||
| 650 | _aPLANTA OLEAGINOSA | ||
| 773 | 0 |
_tNativa. Pesquisas Agrárias e Ambientais (Brazil) _xISSN 2318-7670 _g(2021), v. 9(5) p. 600-604 _wBR2022000393 |
|
| 856 | 4 | 0 | _uhttps://periodicoscientificos.ufmt.br/ojs/index.php/nativa/article/view/12553/10151 |
| 909 |
_a202311 _bLúcia _c55 _dLúcia Elande |
||
| 942 |
_2AGRIS _n0 _cANA |
||
| 999 |
_c259298 _d259298 |
||